000 00960nam a22002057a 4500
005 20260304082951.0
008 240814b ||||| |||| 00| 0 eng d
082 _aDPer 155.205 J826 April-June 2020 v. 118 n. 4-6
100 _aSteinmetz, Janina.
_eauthor.
_957562
245 _aThe first-member heuristic :
_bgroup members labeled " First" influence judgment and treatment of groups /
_cJanina Steinmetz, Maferima Toure-Tillery, and Ayelet Fishbach.
260 _aWashington ;
_bAmerican Psychological Association ,
_cApril 2020.
300 _aVolume 118, pages 706-719 :
_billustration ;
_c28 cm.
500 _aJournal of Personality and Social Psychology, vol. 118, no. 4, pages 706-719, April 2020.
650 _aPsychology.
_960057
650 _aInterpersonal relations.
_960058
700 _aSteinmetz, Janina.
_eauthor.
_957562
700 _aTouré-Tillery, Maferima.
_eauthor.
_957563
700 _aFishbach, Ayelet.
_eauthor.
_957564
942 _2ddc
_cPER
999 _c20396
_d20396